<?xml version="1.0" encoding="UTF-8"?>
<record
    xmlns:xsi="http://www.w3.org/2001/XMLSchema-instance"
    xsi:schemaLocation="http://www.loc.gov/MARC21/slim http://www.loc.gov/standards/marcxml/schema/MARC21slim.xsd"
    xmlns="http://www.loc.gov/MARC21/slim">

  <leader>03095    a2200193   4500</leader>
  <controlfield tag="001">46695</controlfield>
  <controlfield tag="005">20260407155737.0</controlfield>
  <controlfield tag="008">260407a1979    arg                 spa d</controlfield>
  <controlfield tag="003">AR-UNSa-BCEJYS</controlfield>
  <datafield tag="040" ind1=" " ind2=" ">
    <subfield code="a">AR-UNSa-BCEJYS</subfield>
    <subfield code="b">spa</subfield>
    <subfield code="c">AR-UNSa-BCEJYS</subfield>
  </datafield>
  <datafield tag="080" ind1=" " ind2=" ">
    <subfield code="a">94(82)</subfield>
    <subfield code="x">Historia de Argentina</subfield>
  </datafield>
  <datafield tag="245" ind1="1" ind2="0">
    <subfield code="a">Historia Argentina</subfield>
  </datafield>
  <datafield tag="264" ind1=" " ind2="1">
    <subfield code="a">Buenos Aires :</subfield>
    <subfield code="b">Ediciones Solar</subfield>
    <subfield code="c">1979</subfield>
  </datafield>
  <datafield tag="300" ind1=" " ind2=" ">
    <subfield code="a">804 p.</subfield>
    <subfield code="c">20 cm.</subfield>
  </datafield>
  <datafield tag="505" ind1=" " ind2=" ">
    <subfield code="a">1.El R&#xED;o de Sol&#xED;s en el &#xE1;mbito de los descubrimientos &#x2013; 2. Donde estaban en Rey Blanco y la Sierra de la plata. La conquista del Per&#xFA; &#x2013; 3. La desventurada expedici&#xF3;n de Don Pedro de Mendoza &#x2013; 4. Del Paraguay a los confines del Per&#xFA; &#x2013; 5. De las charcas al puerto de Caboto. La conquista del Tucum&#xE1;n &#x2013; 6. La vida inquieta de Asunci&#xF3;n y la las fundaciones del litoral platense &#x2013; 7. El ensanche de un Imperio y la clausura de un puerto &#x2013; 8. El menoscabo de la Corona de Castilla y sus consecuencias en Am&#xE9;rica &#x2013; 9. La instrucci&#xF3;n portuguesa en el R&#xED;o de la Plata &#x2013; 10. A merced de la paz de Utrecht &#x2013; 11. Pol&#xED;tica de paz, pol&#xED;tica de guerra y una expulsi&#xF3;n: todo en perjuicio del R&#xED;o de la Plata &#x2013; 12. Una gran empresa malograda y un virreinato de corta duraci&#xF3;n &#x2013; 13. El rey Jos&#xE9; Bonaparte, la m&#xE1;scara de Fernando y el advenimiento del pueblo Argentino &#x2013; 14. La frustrada Asamblea de 1813. La vuelta del Rey &#x201C;al trono de sus mayores&#x201D; y sus efectos en la Revoluci&#xF3;n Argentina &#x2013; 15. La uni&#xF3;n republicana excluida por la unidad mon&#xE1;rquica. Hacia el protectorado portugu&#xE9;s. La declaraci&#xF3;n de Independencia &#x2013; 16. Una empresa de transcendencia americana. La ilusi&#xF3;n mon&#xE1;rquica y el fermento de la democracia federal &#x2013; 17. El a&#xF1;o veinte. El tratado del Pilar y sus consecuencias. El aislamiento rivadaviano &#x2013; 18. Un congreso. Una guerra. La &#x201C;aventura presidencial&#x201D; y un fusilamiento inicuo &#x2013; 19. La dictadura unitaria y el comienzo de la dictadura federal &#x2013; 20. La reacci&#xF3;n unitaria apoyada por el extranjero, el bloqueo franc&#xE9;s y un tratado honroso para la Confederaci&#xF3;n &#x2013; 21. Una campa&#xF1;a de mil leguas. La fascinaci&#xF3;n del Paraguay. Oribe frente a Montevideo y la intervenci&#xF3;n anglo &#x2013; francesa &#x2013; 22. La coalici&#xF3;n de estados americanos y europeos contra el gobierno de la Rep&#xFA;blica Argentina. La lucha de muerte &#x2013; 23. A&#xF1;os de guerra y de sucesi&#xF3;n aprovechados por el extranjero. Esfuerzo de Urquiza para rescatar la paz y la uni&#xF3;n. La Constituci&#xF3;n Federal &#x2013; 24. Unos malos convenios con el Brasil y m&#xE1;s patacones para la Confederaci&#xF3;n. La &#x201C;hecatombe&#x201D; y el crimen. Cepeda y la integraci&#xF3;n nacional. La Constituci&#xF3;n del &#x201C;53&#x201D;reformada. Otro crimen&#x2026; y la batalla de Pav&#xF3;n &#x2013; 25. La nueva integraci&#xF3;n nacional cumplida desde Buenos Aires. El uruguayo invadido por Venancio Flores y por el Brasil. Francisco Solano L&#xF3;pez y el equilibrio del R&#xED;o de la Plata. Una presidencia malograda. 1861-1865 &#x2013; 26. La guerra del Paraguay. El desorden interior y una campa&#xF1;a presidencial.  </subfield>
  </datafield>
  <datafield tag="942" ind1=" " ind2=" ">
    <subfield code="c">BK</subfield>
  </datafield>
  <datafield tag="590" ind1=" " ind2=" ">
    <subfield code="a">niveau_biblio:m niveau_hierar:0</subfield>
  </datafield>
  <datafield tag="100" ind1="1" ind2=" ">
    <subfield code="a">Busaniche, Jos&#xE9; Luis</subfield>
  </datafield>
  <datafield tag="999" ind1=" " ind2=" ">
    <subfield code="c">4233</subfield>
    <subfield code="d">4233</subfield>
  </datafield>
  <datafield tag="952" ind1=" " ind2=" ">
    <subfield code="0">0</subfield>
    <subfield code="1">0</subfield>
    <subfield code="4">0</subfield>
    <subfield code="7">0</subfield>
    <subfield code="a">BCEJYS</subfield>
    <subfield code="b">BCEJYS</subfield>
    <subfield code="c">16</subfield>
    <subfield code="d">2026-04-07</subfield>
    <subfield code="l">0</subfield>
    <subfield code="o">94(82) B976</subfield>
    <subfield code="p">L28805</subfield>
    <subfield code="r">2026-04-07 15:57:37</subfield>
    <subfield code="w">2026-04-07</subfield>
    <subfield code="y">L</subfield>
  </datafield>
  <datafield tag="952" ind1=" " ind2=" ">
    <subfield code="0">0</subfield>
    <subfield code="1">0</subfield>
    <subfield code="4">0</subfield>
    <subfield code="7">0</subfield>
    <subfield code="a">BCEJYS</subfield>
    <subfield code="b">BCEJYS</subfield>
    <subfield code="c">16</subfield>
    <subfield code="d">2026-04-07</subfield>
    <subfield code="l">0</subfield>
    <subfield code="o">94(82) B976</subfield>
    <subfield code="p">L28812</subfield>
    <subfield code="r">2026-04-07 15:57:37</subfield>
    <subfield code="w">2026-04-07</subfield>
    <subfield code="y">L</subfield>
  </datafield>
  <datafield tag="952" ind1=" " ind2=" ">
    <subfield code="0">0</subfield>
    <subfield code="1">0</subfield>
    <subfield code="4">0</subfield>
    <subfield code="7">0</subfield>
    <subfield code="a">BCEJYS</subfield>
    <subfield code="b">BCEJYS</subfield>
    <subfield code="c">16</subfield>
    <subfield code="d">2026-04-07</subfield>
    <subfield code="l">0</subfield>
    <subfield code="o">94(82) B976</subfield>
    <subfield code="p">L28809</subfield>
    <subfield code="r">2026-04-07 15:57:37</subfield>
    <subfield code="w">2026-04-07</subfield>
    <subfield code="y">L</subfield>
  </datafield>
  <datafield tag="952" ind1=" " ind2=" ">
    <subfield code="0">0</subfield>
    <subfield code="1">0</subfield>
    <subfield code="4">0</subfield>
    <subfield code="7">0</subfield>
    <subfield code="a">BCEJYS</subfield>
    <subfield code="b">BCEJYS</subfield>
    <subfield code="c">16</subfield>
    <subfield code="d">2026-04-07</subfield>
    <subfield code="l">0</subfield>
    <subfield code="o">94(82) B976</subfield>
    <subfield code="p">L28811</subfield>
    <subfield code="r">2026-04-07 15:57:37</subfield>
    <subfield code="w">2026-04-07</subfield>
    <subfield code="y">L</subfield>
  </datafield>
  <datafield tag="952" ind1=" " ind2=" ">
    <subfield code="0">0</subfield>
    <subfield code="1">0</subfield>
    <subfield code="4">0</subfield>
    <subfield code="7">0</subfield>
    <subfield code="a">BCEJYS</subfield>
    <subfield code="b">BCEJYS</subfield>
    <subfield code="c">16</subfield>
    <subfield code="d">2026-04-07</subfield>
    <subfield code="l">0</subfield>
    <subfield code="o">94(82) B976</subfield>
    <subfield code="p">L28806</subfield>
    <subfield code="r">2026-04-07 15:57:37</subfield>
    <subfield code="w">2026-04-07</subfield>
    <subfield code="y">L</subfield>
  </datafield>
  <datafield tag="952" ind1=" " ind2=" ">
    <subfield code="0">0</subfield>
    <subfield code="1">0</subfield>
    <subfield code="4">0</subfield>
    <subfield code="7">0</subfield>
    <subfield code="a">BCEJYS</subfield>
    <subfield code="b">BCEJYS</subfield>
    <subfield code="c">16</subfield>
    <subfield code="d">2026-04-07</subfield>
    <subfield code="l">0</subfield>
    <subfield code="o">94(82) B976</subfield>
    <subfield code="p">L28810</subfield>
    <subfield code="r">2026-04-07 15:57:37</subfield>
    <subfield code="w">2026-04-07</subfield>
    <subfield code="y">L</subfield>
  </datafield>
  <datafield tag="952" ind1=" " ind2=" ">
    <subfield code="0">0</subfield>
    <subfield code="1">0</subfield>
    <subfield code="4">0</subfield>
    <subfield code="7">0</subfield>
    <subfield code="a">BCEJYS</subfield>
    <subfield code="b">BCEJYS</subfield>
    <subfield code="c">16</subfield>
    <subfield code="d">2026-04-07</subfield>
    <subfield code="l">0</subfield>
    <subfield code="o">94(82) B976</subfield>
    <subfield code="p">L28808</subfield>
    <subfield code="r">2026-04-07 15:57:37</subfield>
    <subfield code="w">2026-04-07</subfield>
    <subfield code="y">L</subfield>
  </datafield>
  <datafield tag="952" ind1=" " ind2=" ">
    <subfield code="0">0</subfield>
    <subfield code="1">0</subfield>
    <subfield code="4">0</subfield>
    <subfield code="7">0</subfield>
    <subfield code="a">BCEJYS</subfield>
    <subfield code="b">BCEJYS</subfield>
    <subfield code="c">16</subfield>
    <subfield code="d">2026-04-07</subfield>
    <subfield code="l">0</subfield>
    <subfield code="o">94(82) B976</subfield>
    <subfield code="p">L28807</subfield>
    <subfield code="r">2026-04-07 15:57:37</subfield>
    <subfield code="w">2026-04-07</subfield>
    <subfield code="y">L</subfield>
  </datafield>
</record>
